[Event "Match"]
[Site "www.echecsemail.com"]
[Date "2015.03.11"]
[Round "1"]
[White "Susov"]
[Black "Harrytheking"]
[WhiteElo "1810"]
[BlackElo "1720"]
[Result "1-0"]
[Round "1"]
1.e4 Nb8c6
2.Ng1f3 h6
3.d4 e6
4.Nb1c3 a6
5.Bc1f4 d6
6.d5 Nc6e7
7.Bf1c4 e5
8.Bf4e3 Ne7g6
9.h3 Ng8f6
10.Qd1d2 Ng6f4
11.Be3xf4 exf4
12.Qd2xf4 Nf6h5
13.Qf4e3 Bf8e7
14.Bc4e2 b5
15.Nf3d4 Bc8d7
16.Be2xh5 O-O
17.Nd4f5 Be7g5
18.f4 Bd7xf5
19.fxg5 Qd8xg5
20.Qe3xg5 hxg5
21.exf5 f6
22.h4 Ra8c8
23.O-O-O c5
24.dxc6 Rc8xc6
25.hxg5 fxg5
26.g4 b4
27.Nc3d5 Rc6c5
28.Nd5e7 { resign }
1-0

[Event "Match"]
[Site "www.echecsemail.com"]
[Date "2015.03.11"]
[Round "1"]
[White "Sorren"]
[Black "Billyg"]
[WhiteElo "1840"]
[BlackElo "1580"]
[Result "1-0"]
[Round "1"]
1.e4 e5
2.Ng1f3 f6
3.Nf3xe5 g6
4.Ne5f3 a6
5.d4 d5
6.Nb1c3 Bf8b4
7.Bf1d3 Ng8e7
8.O-O Bc8g4
9.Rf1e1 Nb8c6
10.Bc1e3 f5
11.exf5 gxf5
12.Be3g5 Nc6xd4
13.a3 Bb4a5
14.Re1xe7 Qd8xe7
15.Bg5xe7 Kxe7
16.Nc3xd5 Kf8
17.b4 Ba5b6
18.Nd5xb6 cxb6
19.Bd3e2 Bg4xf3
20.Qd1xd4 Kg8
21.Be2xf3 Ra8b8
22.Qd4e5 Rb8e8
23.Qe5xf5 Kg7
24.Bf3xb7 Rh8f8
25.Qf5g5 Kh8
26.Bb7xa6 Rf8f7
27.Ba6b5 Re8g8
28.Qg5e5 Rg8g7
29.Ra1d1 Rf7f8
30.Rd1d7 Rf8g8
31.Rd7xg7 Rg8xg7
32.Qe5b8 { resign }
1-0

[Event "Match"]
[Site "www.echecsemail.com"]
[Date "2015.03.11"]
[Round "1"]
[White "Corespond"]
[Black "Guidom"]
[WhiteElo "1629"]
[BlackElo "2020"]
[Result "0-1"]
[Round "1"]
1.d4 d5
2.c4 Ng8f6
3.cxd5 Qd8xd5
4.Nb1c3 Qd5a5
5.Bc1d2 c6
6.Ng1f3 e6
7.e4 Bf8b4
 { time }
0-1

[Event "Match"]
[Site "www.echecsemail.com"]
[Date "2015.03.11"]
[Round "1"]
[White "Darknight"]
[Black "Susov"]
[WhiteElo "1770"]
[BlackElo "1780"]
[Result "0-1"]
[Round "1"]
1.e4 e5
2.Bf1c4 Ng8f6
3.d3 Nb8c6
4.c3 h6
5.h3 Bf8c5
6.Ng1f3 a6
7.Bc1e3 Bc5xe3
8.fxe3 d6
9.Nb1d2 d5
10.exd5 Nf6xd5
11.Bc4xd5 Qd8xd5
12.Nd2c4 b5
13.Nc4a3 O-O
14.e4 Qd5d6
15.Qd1d2 Bc8e6
16.Na3c2 a5
17.Ke2 Ra8d8
18.d4 Be6c4
19.Ke3 exd4
20.cxd4 Rf8e8
21.e5 Qd6d5
22.b3 Nc6xe5
23.dxe5 Re8xe5
24.Kf4 Re5f5
25.Kg4 Qd5xd2
26.Nf3xd2 Rf5g5
27.Kh4 Rd8xd2
28.Nc2e3 Rd2d4
29.Ne3g4 Bc4e6
30.Kg3 Be6xg4
31.hxg4 Rg5xg4
32.Kh2 Rd4d2
33.Rh1g1 Rd2d3
34.g3 Rd3d2
35.Rg1g2 Rd2xg2
36.Kxg2 f5
37.Ra1c1 f4
38.Kf3 Rg4xg3
39.Kxf4 Rg3g2
40.a4 bxa4
41.bxa4 Rg2a2
42.Rc1c4 Ra2h2
43.Kf5 Rh2f2
44.Kg6 Rf2g2
45.Kh5 Kh7
46.Rc4xc7 Rg2a2
47.Rc7c4 g6
48.Kh4 g5
49.Kh5 Ra2h2
50.Kg4 Rh2h4
{ resign }
0-1

[Event "Match"]
[Site "www.echecsemail.com"]
[Date "2015.03.11"]
[Round "1"]
[White "Lkaspar"]
[Black "Maestro"]
[WhiteElo "2089"]
[BlackElo "1940"]
[Result "0-1"]
[Round "1"]
1.d4 Ng8f6
2.c4 e6
3.Ng1f3 d5
4.Bc1g5 c6
5.e3 Bf8e7
6.Nb1c3 h6
7.Bg5xf6 Be7xf6
8.Bf1d3 Qd8c7
 { time }
0-1

[Event "Match"]
[Site "www.echecsemail.com"]
[Date "2015.03.11"]
[Round "1"]
[White "Corpang"]
[Black "Bbking"]
[WhiteElo "1499"]
[BlackElo "1580"]
[Result "1-0"]
[Round "1"]
1.d4 d5
2.c4 e6
3.Nb1c3 Bf8b4
4.cxd5 Bb4xc3
5.bxc3 Qd8xd5
6.Ng1f3 Nb8c6
7.e3 Ng8f6
8.c4 Qd5d6
9.a4 Qd6b4
10.Bc1d2 Qb4b6
11.Ra1b1 Qb6a6
12.c5 b5
13.Bf1xb5 Qa6b7
14.Bb5d3 { resign }
1-0

[Event "Match"]
[Site "www.echecsemail.com"]
[Date "2015.03.11"]
[Round "1"]
[White "Generalfree"]
[Black "Fred"]
[WhiteElo "1790"]
[BlackElo "2050"]
[Result "0-1"]
[Round "1"]
1.e4 e5
2.Ng1f3 Nb8c6
3.Bf1c4 Bf8c5
4.Bc4xf7 Kxf7
5.Nf3xe5 Nc6xe5
6.Qd1h5 Ne5g6
7.Qh5xc5 d6
8.Qc5c4 Bc8e6
9.Qc4b5 b6
10.d4 Ng8f6
11.Bc1g5 h6
12.Bg5xf6 Qd8xf6
13.c3 Rh8f8
14.g3 Ra8e8
15.f4 Kg8
16.O-O Be6h3
17.Rf1f2 Re8xe4
18.Qb5c6 Re4e7
19.Nb1d2 Rf8e8
20.Nd2f3 Bh3d7
21.Qc6xc7 Bd7b5
{ resign }
0-1

[Event "1/2 Finale"]
[Site "www.chess-mail.com"]
[Date "2015.03.11"]
[Round "1"]
[White "Edijs"]
[Black "Conde7"]
[WhiteElo "2780"]
[BlackElo "2760"]
[Result "0-1"]
[Round "1"]
1.Ng1f3 Ng8f6
2.c4 g6
3.g3 Bf8g7
4.Bf1g2 O-O
5.d4 c6
6.O-O d5
7.b3 dxc4
8.bxc4 c5
9.Bc1b2 cxd4
10.Nf3xd4 Nb8c6
11.Nd4xc6 bxc6
12.Nb1d2 Qd8c7
13.Qd1a4 Bc8d7
14.Qa4a3 Ra8b8
15.Bb2d4 Bd7g4
16.Nd2b3 Rf8c8
17.h3 e5
18.Bd4c5 Bg4xe2
19.Rf1e1 Be2xc4
20.Bc5d6 Qc7b6
21.Bd6xb8 Rc8xb8
22.Nb3d2 Bc4e6
23.Ra1b1 Qb6c7
24.Rb1xb8 Qc7xb8
25.Bg2xc6 Be6xh3
26.Qa3e7 Qb8c8
27.Re1c1 Bh3e6
28.Nd2b3 Qc8f8
29.Qe7xa7 Qf8d6
30.Qa7c5 Qd6b8
31.Rc1d1 Bg7f8
32.Qc5a5 Qb8c8
33.Bc6f3 e4
34.Qa5e5 Bf8g7
35.Bf3xe4 Nf6d5
36.Qe5g5 Bg7f6
37.Qg5d2 Nd5c3
38.Rd1e1 Nc3xe4
 { time }
0-1

[Event "1/128 Finale"]
[Site "www.chess-mail.com"]
[Date "2015.03.11"]
[Round "1"]
[White "Guidom"]
[Black "Naujzaid"]
[WhiteElo "2040"]
[BlackElo "2130"]
[Result "1-0"]
[Round "1"]
1.e4 c5
2.Ng1f3 d6
3.d4 cxd4
4.Nf3xd4 Ng8f6
5.Bf1d3 e6
6.O-O Bf8e7
7.Kh1 O-O
8.f4 a6
9.c3 Nb8c6
10.Bd3c2 Qd8c7
11.h3 Bc8d7
12.Bc1e3 Ra8c8
13.Nb1d2 Nc6xd4
14.Be3xd4 Bd7c6
15.e5 dxe5
16.fxe5 Nf6d7
17.Nd2e4 Nd7xe5
18.Bd4xe5 Qc7xe5
19.Qd1e1 Qe5h5
20.Qe1g3 f5
21.Ne4f2 Rc8d8
22.Bc2b3 Rf8f6
23.Ra1d1 Rd8xd1
24.Rf1xd1 Rf6g6
25.Qg3b8 Be7f8
26.Rd1g1 Qh5h4
27.Qb8a7 Rg6g3
28.Bb3xe6 Kh8
29.Be6xf5 Qh4h5
30.Qa7b8 Qh5xf5
31.Qb8xg3 h6
32.Nf2g4 Bf8c5
33.Rg1e1 h5
34.Ng4e5 Bc5d6
35.Ne5g6 Kh7
36.Qg3xd6 Qf5xh3
37.Qd6h2 Qh3xh2
38.Kxh2 Kxg6
39.Kg3 Kg5
40.Re1e5 Kh6
41.Kh4 g6
42.g3 Bc6f3
43.a4 Bf3d1
44.a5 Bd1f3
45.b4 Bf3g2
46.c4 Bg2f1
47.b5 axb5
48.cxb5 Bf1d3
49.Re5c5 Bd3e4
50.a6 { resign }
1-0

[Event "1/64 Finale"]
[Site "www.chess-mail.com"]
[Date "2015.03.11"]
[Round "1"]
[White "Llord"]
[Black "Picifarkinca"]
[WhiteElo "1770"]
[BlackElo "1900"]
[Result "1/2-1/2"]
[Round "1"]
1.e4 e6
2.d4 d5
3.e5 c5
4.c3 Qd8b6
5.Ng1f3 Bc8d7
6.Bf1e2 Bd7b5
7.O-O Bb5xe2
8.Qd1xe2 Nb8c6
9.Bc1e3 cxd4
10.Nf3xd4 Nc6xd4
11.Be3xd4 Bf8c5
12.Bd4xc5 Qb6xc5
13.b4 Qc5c7
14.Qe2b5 Qc7c6
15.Qb5xc6 bxc6
16.Nb1d2 Ng8e7
17.a4 O-O
18.b5 Rf8c8
19.bxc6 Rc8xc6
20.Ra1a3 Ra8c8
21.Rf1c1 Ne7g6
22.Nd2f3 Ng6f4
23.Kf1 Nf4d3
{ draw }
1/2-1/2

[Event "Tourn. n8127"]
[Site "www.chess-mail.com"]
[Date "2015.03.12"]
[Round "1"]
[White "Woodpusher2"]
[Black "Asoka"]
[WhiteElo "2590"]
[BlackElo "2620"]
[Result "1-0"]
[Round "1"]
1.e4 c5
2.Ng1f3 d6
3.Bf1b5 Bc8d7
4.Bb5xd7 Nb8xd7
5.O-O e6
6.Qd1e2 Bf8e7
7.d3 Ng8f6
8.h3 O-O
9.Rf1e1 Nd7b8
10.a4 Nb8c6
11.Bc1f4 d5
12.c3 Rf8e8
13.Nb1d2 Qd8b6
14.Nd2f1 Re8d8
15.Nf3e5 Ra8c8
16.Ne5xc6 Qb6xc6
17.e5 Nf6d7
18.Qe2g4 Qc6b6
19.Bf4h6 Be7f8
20.Re1e2 Rd8e8
21.Nf1g3 Kh8
22.Bh6f4 Nd7b8
23.Ng3h5 Nb8c6
24.Bf4g5 h6
25.Nh5f6 gxf6
26.exf6 Kh7
27.Qg4h5 Nc6d8
28.Re2e3 Qb6c7
29.Re3g3 Qc7e5
30.Qh5h4 { resign }
1-0

[Event "Tourn. n8085"]
[Site "www.chess-mail.com"]
[Date "2015.03.12"]
[Round "1"]
[White "Gorgo"]
[Black "Difficult"]
[WhiteElo "2190"]
[BlackElo "2110"]
[Result "1-0"]
[Round "1"]
1.c4 g6
2.d4 Bf8g7
3.Nb1c3 d6
4.Ng1f3 Ng8f6
5.e4 O-O
6.Bf1e2 c6
7.O-O Qd8c7
8.Bc1f4 Bc8g4
9.c5 Qc7d7
10.cxd6 exd6
11.h3 Bg4xf3
12.Be2xf3 Nb8a6
13.Qd1b3 Rf8d8
14.Rf1d1 Rd8e8
15.e5 dxe5
16.dxe5 Nf6d5
17.Nc3xd5 cxd5
18.Ra1c1 Bg7xe5
19.Rd1xd5 Qd7f5
20.Bf4xe5 Re8xe5
21.Qb3xb7 { resign }
1-0

[Event "Tourn. n8058"]
[Site "www.chess-mail.com"]
[Date "2015.03.12"]
[Round "1"]
[White "Naujzaid"]
[Black "Difficult"]
[WhiteElo "2130"]
[BlackElo "2080"]
[Result "1-0"]
[Round "1"]
1.d4 Ng8f6
2.c4 c5
3.d5 e6
4.Nb1c3 exd5
5.cxd5 d6
6.e4 g6
7.f4 Bf8g7
8.Bf1b5 Nf6d7
9.a4 a6
10.Bb5d3 O-O
11.Ng1f3 Nd7f6
12.O-O Qd8c7
13.Nf3d2 Bc8g4
14.Qd1c2 h5
15.f5 gxf5
16.exf5 h4
17.h3 Bg4h5
18.Rf1f4 Nb8d7
19.Rf4xh4 Bg7h6
20.Nd2e4 Bh6xc1
21.Qc2xc1 c4
22.Qc1g5 { resign }
1-0

[Event "Tourn. n8092"]
[Site "www.chess-mail.com"]
[Date "2015.03.12"]
[Round "1"]
[White "Tomcapp"]
[Black "Kesalon"]
[WhiteElo "1530"]
[BlackElo "1459"]
[Result "0-1"]
[Round "1"]
1.d4 Ng8f6
2.Nb1c3 g6
3.e3 Bf8g7
4.Bf1d3 O-O
5.e4 d6
6.d5 e6
7.dxe6 Bc8xe6
8.Bc1g5 h6
9.Bg5xf6 Bg7xf6
10.Ng1f3 Be6g4
11.a4 Nb8c6
12.b4 Bf6xc3
13.Kf1 Bc3xa1
14.Qd1xa1 Bg4xf3
15.e5 Bf3h5
16.f3 Nc6xe5
17.b5 Ne5xd3
18.cxd3 g5
19.h3 Bh5g6
20.a5 Bg6xd3
21.Kf2 Bd3xb5
22.Rh1b1 Bb5a6
23.Rb1e1 Rf8e8
24.Re1d1 Qd8e7
25.g4 Qe7e2
26.Kg3 Re8e3
27.Rd1e1 Qe2xf3
28.Kh2 Qf3xh3
29.Kg1 Qh3g3
30.Kh1 Re3xe1
31.Qa1xe1 Qg3xe1
32.Kg2 Qe1c3
33.Kf2 Ra8e8
{ resign }
0-1

[Event "Tourn. n8088"]
[Site "www.chess-mail.com"]
[Date "2015.03.12"]
[Round "1"]
[White "Amaya"]
[Black "Falcoale"]
[WhiteElo "1880"]
[BlackElo "1830"]
[Result "1-0"]
[Round "1"]
1.d4 Ng8f6
2.e3 e6
3.Bf1d3 b6
4.f4 Bc8b7
5.Ng1f3 d5
6.O-O Nb8d7
7.Nb1d2 c5
8.c3 c4
9.Bd3c2 Bf8e7
10.Nf3e5 Nd7xe5
11.fxe5 Nf6d7
12.e4 O-O
13.exd5 exd5
14.Qd1h5 g6
15.Qh5h6 Be7g5
16.Qh6h3 Bg5e7
17.Nd2f3 Bb7c8
18.Qh3h6 Rf8e8
19.Nf3g5 Be7xg5
20.Bc1xg5 Qd8c7
21.Bg5f6 { resign }
1-0

[Event "Tourn. n8131"]
[Site "www.chess-mail.com"]
[Date "2015.03.12"]
[Round "1"]
[White "Ruko"]
[Black "Neo"]
[WhiteElo "1850"]
[BlackElo "1760"]
[Result "1-0"]
[Round "1"]
1.e4 e5
2.Ng1f3 d6
3.d4 Bf8e7
4.dxe5 Bc8g4
5.exd6 Be7xd6
6.Bf1c4 Nb8c6
7.Bc4xf7 Kxf7
8.Nf3g5 Kf8
9.Qd1xg4 Ng8f6
10.Ng5e6 Ke8
11.Qg4xg7 Qd8d7
12.Qg7xh8 Bd6f8
13.Qh8xf8 
1-0

[Event "Tourn. n8003"]
[Site "www.chess-mail.com"]
[Date "2015.03.12"]
[Round "1"]
[White "Peck"]
[Black "Albertf"]
[WhiteElo "1479"]
[BlackElo "1620"]
[Result "0-1"]
[Round "1"]
1.e4 e5
2.b4 f5
3.exf5 d6
4.Bf1d3 Nb8c6
5.b5 Nc6d4
6.Qd1h5 Kd7
7.Qh5f7 Qd8e7
8.Qf7xe7 Ng8xe7
9.Nb1c3 Ne7xf5
10.Bd3xf5 Nd4xf5
11.Ng1f3 b6
12.g4 Nf5h6
13.g5 Nh6f5
14.Nc3d5 Bc8b7
15.c4 g6
16.Nd5f6 Ke6
17.h4 Bb7xf3
18.Rh1h3 Bf3b7
19.d3 Bf8e7
20.Bc1e3 h6
21.Nf6g4 hxg5
22.h5 Rh8xh5
23.Rh3xh5 gxh5
24.O-O-O hxg4
25.Rd1h1 Bb7xh1
{ resign }
0-1

[Event "Tourn. n8115"]
[Site "www.chess-mail.com"]
[Date "2015.03.12"]
[Round "1"]
[White "Sebolix"]
[Black "Cathar"]
[WhiteElo "2690"]
[BlackElo "2230"]
[Result "1-0"]
[Round "1"]
1.e4 b6
2.d4 Bc8b7
3.Bf1d3 e6
4.Ng1f3 c5
5.c3 Ng8f6
6.Qd1e2 Bf8e7
7.e5 Nf6d5
8.dxc5 bxc5
9.c4 Nd5b4
10.Bd3e4 Qd8b6
11.O-O f5
12.exf6 Be7xf6
13.Nb1c3 O-O
14.Nc3a4 Qb6c7
15.Be4xb7 Qc7xb7
16.Na4xc5 Qb7c7
17.Nc5e4 Nb8c6
18.a3 Nb4a6
19.Ne4xf6 Rf8xf6
20.b4 Ra8f8
21.Bc1b2 { resign }
1-0

[Event "Tourn. n8011"]
[Site "www.chess-mail.com"]
[Date "2015.03.12"]
[Round "1"]
[White "Hali"]
[Black "Vasylpuzanov"]
[WhiteElo "2160"]
[BlackElo "2020"]
[Result "0-1"]
[Round "1"]
1.e4 c5
2.Ng1f3 d6
3.d4 cxd4
4.Nf3xd4 Ng8f6
5.Nb1c3 a6
6.Bc1g5 e5
7.Nd4b3 Bf8e7
8.Bg5xf6 Be7xf6
9.Nc3d5 O-O
10.Bf1d3 Bc8e6
11.Bd3c4 Nb8d7
12.O-O Ra8c8
13.Nb3d2 Bf6g5
14.Bc4b3 Nd7c5
15.f3 Nc5xb3
16.Nd2xb3 a5
17.Nb3c1 Be6xd5
18.Qd1xd5 Qd8b6
19.Kh1 Rc8xc2
20.Nc1d3 Bg5e3
21.b4 a4
22.a3 Qb6d4
23.Qd5b5 Qd4c3
24.Rf1d1 Rc2d2
25.Ra1c1 Qc3xd3
26.Qb5xd3 Rd2xd3
{ resign }
0-1

[Event "Tourn. n8011"]
[Site "www.chess-mail.com"]
[Date "2015.03.12"]
[Round "1"]
[White "Cardiff"]
[Black "Hali"]
[WhiteElo "2010"]
[BlackElo "2160"]
[Result "0-1"]
[Round "1"]
1.c4 c6
2.Nb1c3 d5
3.cxd5 cxd5
4.d4 Ng8f6
5.Ng1f3 e6
6.Bc1g5 Bf8e7
7.e3 O-O
8.Bf1d3 Nb8d7
9.O-O b6
10.Qd1e2 Bc8b7
11.Bd3a6 Qd8c8
12.Ba6xb7 Qc8xb7
13.Ra1c1 Be7d6
14.Nc3b5 Qb7a6
15.a3 Ra8c8
16.Qe2d3 Nf6e4
17.Bg5h4 Bd6b8
18.b3 f5
19.a4 Nd7f6
20.Bh4xf6 Rf8xf6
21.Nf3d2 Qa6b7
22.Rf1d1 a6
23.Nb5a3 Rc8f8
24.Nd2f3 f4
25.exf4 Bb8xf4
26.Rc1c2 Bf4d6
27.Na3b1 h6
28.Nb1c3 Rf6f4
29.Nc3e2 Rf4g4
30.Ne2g3 Rf8f6
31.Rd1c1 Ne4g5
32.Nf3xg5 Rg4xg5
33.Rc2c8 Rf6f8
34.Rc8xf8 Kxf8
35.Rc1e1 e5
36.dxe5 Bd6xe5
37.Re1c1 Be5b2
38.Rc1c2 Bb2a3
39.h4 Rg5e5
40.Qd3h7 Ba3d6
41.Qh7h8 Kf7
42.Rc2c8 d4
43.Qh8g8 Kf6
44.Rc8e8 Re5xe8
45.Qg8xe8 Bd6xg3
46.fxg3 Qb7e7
47.Qe8c6 Qe7e6
48.Qc6f3 Ke7
49.Qf3b7 Kf8
50.Qb7b8 Kf7
51.Qb8f4 Qe6f6
52.Kf2 Ke6
53.Kf3 Kd5
54.Qf4xf6 gxf6
55.g4 Ke5
56.g3 b5
57.axb5 axb5
58.b4 Kd5
59.Kf4 Kc4
60.Ke4 d3
61.Ke3 Kc3
{ resign }
0-1

[Event "Tourn. n8122"]
[Site "www.chess-mail.com"]
[Date "2015.03.12"]
[Round "1"]
[White "Oliverio"]
[Black "Vitoriccardo"]
[WhiteElo "1520"]
[BlackElo "1630"]
[Result "1-0"]
[Round "1"]
1.e4 e6
2.d4 g6
3.f4 Bf8g7
4.Ng1f3 d5
5.e5 Ng8e7
6.Bf1d3 O-O
7.O-O Nb8d7
8.Bc1e3 Ne7f5
9.Be3f2 Nd7b6
10.b3 Bg7h6
11.g4 Nf5e7
12.Bf2e3 f5
13.exf6 Rf8xf6
14.g5 { resign }
1-0

[Event "Tourn. n8114"]
[Site "www.chess-mail.com"]
[Date "2015.03.12"]
[Round "1"]
[White "Pollemand52"]
[Black "Kesalon"]
[WhiteElo "1809"]
[BlackElo "1830"]
[Result "0-1"]
[Round "1"]
1.e4 e5
2.Ng1f3 Nb8c6
3.Bf1b5 a6
4.Bb5a4 Ng8f6
5.O-O b5
6.Ba4b3 d6
7.c3 Bf8e7
 { time }
0-1

[Event "Tourn. n8105"]
[Site "www.chess-mail.com"]
[Date "2015.03.12"]
[Round "1"]
[White "Servant"]
[Black "Vitoriccardo"]
[WhiteElo "1640"]
[BlackElo "1609"]
[Result "1-0"]
[Round "1"]
1.Nb1c3 e5
2.e4 Nb8c6
3.Ng1f3 Ng8f6
4.Bf1b5 Bf8c5
5.O-O d6
6.Bb5xc6 bxc6
7.d4 exd4
8.Nf3xd4 Bc5xd4
9.Qd1xd4 O-O
10.Bc1g5 Bc8b7
11.Bg5xf6 Qd8xf6
12.Qd4xf6 gxf6
13.f3 d5
14.Ra1d1 Ra8d8
15.Rd1d2 d4
16.Nc3e2 c5
17.Rf1d1 { resign }
1-0

[Event "Tourn. n7997"]
[Site "www.chess-mail.com"]
[Date "2015.03.12"]
[Round "1"]
[White "Generalfree"]
[Black "Osopanda"]
[WhiteElo "1800"]
[BlackElo "2020"]
[Result "1/2-1/2"]
[Round "1"]
1.e4 c5
2.c4 d6
3.f4 Nb8c6
4.h3 e6
5.Ng1f3 Ng8e7
6.Nb1c3 Nc6d4
7.Nf3xd4 cxd4
8.Nc3b5 Ne7c6
9.g4 Bf8e7
10.g5 a6
11.Nb5a3 O-O
12.h4 b5
13.cxb5 axb5
14.Na3xb5 Bc8a6
15.a4 Nc6b4
16.b3 d3
17.Nb5a3 Qd8b6
18.Bc1b2 Ra8c8
19.Ra1c1 Rc8xc1
20.Qd1xc1 Rf8c8
21.Qc1a1 Nb4c2
22.Na3xc2 dxc2
23.Bf1xa6 Qb6xa6
24.Bb2c3 Qa6d3
25.e5 dxe5
26.fxe5 Qd3e4
27.Kf2 Be7c5
28.Kg3 Qe4d3
29.Kg2 Qd3e2
30.Kh3 Qe2f3
31.Kh2 { draw }
1/2-1/2

[Event "Tourn. n7943"]
[Site "www.chess-mail.com"]
[Date "2015.03.12"]
[Round "1"]
[White "Difficult"]
[Black "Scasan55"]
[WhiteElo "1880"]
[BlackElo "1900"]
[Result "0-1"]
[Round "1"]
1.e4 c5
2.b3 d5
3.exd5 Qd8xd5
4.Nb1c3 Qd5d8
5.Ng1f3 Nb8c6
6.Bf1b5 Bc8d7
7.Bc1b2 a6
8.Bb5xc6 Bd7xc6
9.d3 Ng8f6
10.O-O e6
11.Nf3e5 Qd8c7
12.Ne5xc6 Qc7xc6
13.Rf1e1 Bf8e7
14.Nc3e4 Nf6xe4
15.Re1xe4 O-O
16.Re4e2 Ra8d8
17.Qd1e1 b5
18.Re2e3 Rd8d5
19.Re3g3 Rd5g5
20.Rg3xg5 Be7xg5
21.a4 Rf8d8
22.axb5 axb5
23.g3 h5
24.Qe1e2 g6
25.Qe2e5 f6
26.Qe5e2 h4
27.f3 hxg3
28.hxg3 Kf7
29.Ra1a7 Rd8d7
30.Ra7xd7 Qc6xd7
31.f4 Bg5h6
32.Qe2e4 Bh6g7
33.Kg2 f5
{ resign }
0-1

[Event "Tourn. n7967"]
[Site "www.chess-mail.com"]
[Date "2015.03.12"]
[Round "1"]
[White "Difficult"]
[Black "Oxycontin"]
[WhiteElo "1880"]
[BlackElo "2080"]
[Result "1/2-1/2"]
[Round "1"]
1.e4 Ng8f6
2.e5 Nf6d5
3.d4 d6
4.c4 Nd5b6
5.exd6 cxd6
6.Nb1c3 g6
7.h3 Bf8g7
8.Ng1f3 Nb8c6
9.Bc1e3 O-O
10.Bf1e2 e5
11.dxe5 dxe5
12.O-O Bc8f5
13.a3 Qd8xd1
14.Rf1xd1 Bf5e6
15.b3 Rf8d8
16.Be3xb6 axb6
17.Rd1xd8 Ra8xd8
18.Ra1d1 Rd8xd1
19.Nc3xd1 Bg7f8
20.b4 f6
21.Kf1 e4
22.Nf3d2 f5
23.f3 Bf8h6
24.Ke1 Nc6d4
25.fxe4 Nd4xe2
26.Kxe2 Bh6xd2
27.Kxd2 Be6xc4
28.exf5 gxf5
{ draw }
1/2-1/2

[Event "Tourn. n8107"]
[Site "www.chess-mail.com"]
[Date "2015.03.12"]
[Round "1"]
[White "Pollemand52"]
[Black "Neo"]
[WhiteElo "1809"]
[BlackElo "1730"]
[Result "0-1"]
[Round "1"]
1.e4 e5
2.Ng1f3 d6
3.Bf1c4 Ng8h6
4.d4 Nb8c6
5.dxe5 dxe5
6.Qd1xd8 Kxd8
7.Bc1xh6 gxh6
 { time }
0-1

[Event "Tourn. n8037"]
[Site "www.chess-mail.com"]
[Date "2015.03.12"]
[Round "1"]
[White "Piwi123"]
[Black "Oxycontin"]
[WhiteElo "2080"]
[BlackElo "2040"]
[Result "0-1"]
[Round "1"]
1.e4 Ng8f6
2.Ng1f3 Nf6xe4
3.d3 Ne4f6
4.d4 e6
5.Bf1d3 c5
6.O-O d5
7.b3 Nb8c6
8.Bc1e3 cxd4
9.Nf3xd4 e5
10.Nd4xc6 bxc6
11.c4 e4
12.Bd3e2 a5
13.Be3g5 d4
14.Nb1d2 Bc8f5
15.Rf1e1 Bf8e7
16.Bg5xf6 Be7xf6
17.Be2g4 Bf5xg4
18.Qd1xg4 O-O
19.Nd2xe4 Rf8e8
20.Ne4xf6 Qd8xf6
21.Re1xe8 Ra8xe8
22.Ra1e1 Re8xe1

0-1

[Event "Tourn. n8037"]
[Site "www.chess-mail.com"]
[Date "2015.03.12"]
[Round "1"]
[White "Awfen"]
[Black "Piwi123"]
[WhiteElo "1970"]
[BlackElo "2080"]
[Result "0-1"]
[Round "1"]
1.e4 e5
2.Ng1f3 Ng8f6
3.Nb1c3 Nb8c6
4.Bf1c4 Bf8c5
5.O-O O-O
6.a3 a6
7.d3 h6
8.b4 Bc5b6
9.Nc3d5 Nf6xd5
10.exd5 Nc6d4
11.Nf3xe5 d6
12.Ne5f3 Rf8e8
13.Bc1b2 Bc8g4
14.Bb2xd4 Bb6xd4
15.Ra1b1 b5
16.Bc4b3 Qd8f6
17.c4 Re8e7
18.h3 Bg4h5
19.Rf1e1 Re7xe1
20.Qd1xe1 Bh5xf3
21.gxf3 Qf6xf3
22.Qe1f1 Ra8e8
23.Qf1g2 Qf3xd3
24.cxb5 Qd3xb1
{ resign }
0-1

[Event "Match"]
[Site "www.echecsemail.com"]
[Date "2015.03.12"]
[Round "1"]
[White "F14"]
[Black "Hardland"]
[WhiteElo "1599"]
[BlackElo "1730"]
[Result "1-0"]
[Round "1"]
1.e4 c5
2.Ng1f3 Nb8c6
3.d4 cxd4
4.Nf3xd4 Ng8f6
5.Nb1c3 g6
6.Bf1e2 Bf8g7
7.O-O O-O
8.Bc1e3 d6
9.f4 e5
10.Nd4xc6 bxc6
11.fxe5 dxe5
12.Qd1xd8 Rf8xd8
13.Be3g5 Bc8e6
14.Bg5xf6 Bg7xf6
15.Be2a6 Ra8b8
16.Rf1xf6 Be6g4
{ time. }
1-0

[Event "Match"]
[Site "www.echecsemail.com"]
[Date "2015.03.12"]
[Round "1"]
[White "Glenno"]
[Black "Joseph1983"]
[WhiteElo "2360"]
[BlackElo "2140"]
[Result "0-1"]
[Round "1"]
1.e4 c5
2.Ng1f3 g6
3.d4 cxd4
4.Nf3xd4 Bf8g7
5.Nb1c3 Nb8c6
6.Bc1e3 d6
7.Bf1b5 Bc8d7
8.f4 Ng8f6
9.O-O Nf6g4
10.Nd4xc6 bxc6
11.Be3d4 Bg7xd4
12.Qd1xd4 O-O
13.Bb5e2 Qd8b6
14.Qd4xb6 axb6
15.Rf1f3 Ng4f6
16.Rf3d3 Bd7e6
17.Be2f3 Nf6d7
18.Rd3d1 Rf8d8
19.e5 dxe5
20.Bf3xc6 Ra8c8
21.Bc6xd7 Rd8xd7
22.Rd1xd7 Be6xd7
23.fxe5 Rc8c5
24.Ra1e1 Bd7f5
25.b4 Rc5xc3
26.Re1e2 Rc3xc2
27.Re2xc2 Bf5xc2
28.Kf2 Kf8
29.Ke3 Ke8
30.Kd4 Kd7
31.Kd5 Bc2a4
32.Kc4 Ke6
33.Kd4 Ba4b5
34.g4 h5
35.gxh5 gxh5
36.Ke4 Bb5c6
37.Kf4 f6
38.exf6 Kxf6
39.Ke3 Ke5
40.Kd3 Kf4
41.Ke2 Ke4
42.Kf2 Kd3
43.Kg3 e5
{ resign }
0-1

[Event "Match"]
[Site "www.echecsemail.com"]
[Date "2015.03.12"]
[Round "1"]
[White "Generalfree"]
[Black "Sorren"]
[WhiteElo "1770"]
[BlackElo "1940"]
[Result "0-1"]
[Round "1"]
1.e4 e5
2.Ng1f3 Nb8c6
3.Bf1c4 Bf8c5
4.Bc4xf7 Kxf7
5.Nf3xe5 Nc6xe5
6.Qd1h5 Ne5g6
7.Qh5xc5 Ng8f6
8.d3 d6
9.Qc5b4 Rh8e8
10.Bc1g5 h6
11.Bg5xf6 Qd8xf6
12.Qb4c4 Kf8
13.c3 Qf6g5
14.O-O Bc8h3
15.g3 Bh3xf1
16.Kxf1 Qg5c1
17.Kg2 Qc1xb2
{ resign }
0-1

[Event "Match"]
[Site "www.echecsemail.com"]
[Date "2015.03.12"]
[Round "1"]
[White "Roqueur"]
[Black "Joseph1983"]
[WhiteElo "2590"]
[BlackElo "2100"]
[Result "1-0"]
[Round "1"]
1.e4 c5
2.Ng1f3 Nb8c6
3.d4 cxd4
4.Nf3xd4 e5
5.Nd4b5 d6
6.Nb1c3 a6
7.Nb5a3 b5
8.Nc3d5 Ng8f6
9.Bc1g5 Qd8a5
10.Bg5d2 Qa5d8
11.Bd2g5 Qd8a5
12.c3 Nf6xd5
13.Qd1xd5 Qa5c7
14.Qd5d3 Bc8e6
15.Bf1e2 Ra8c8
16.O-O Nc6a5
17.Na3c2 Na5c4
18.b3 Nc4b6
19.Nc2b4 Qc7b7
20.a4 Be6xb3
21.axb5 Bb3c4
22.bxa6 Qb7a7
23.Qd3d2 Bf8e7
24.Bg5e3 Bc4xe2
25.Qd2xe2 O-O
26.Nb4d5 Be7d8
27.Rf1b1 { resign }
1-0

[Event "Match"]
[Site "www.echecsemail.com"]
[Date "2015.03.12"]
[Round "1"]
[White "Rindrandria"]
[Black "Ranjachess"]
[WhiteElo "1580"]
[BlackElo "1670"]
[Result "0-1"]
[Round "1"]
1.e3 e5
2.Qd1h5 Nb8c6
3.Ng1f3 Ng8f6
4.Qh5h4 d5
5.Qh4a4 Bc8d7
6.Bf1b5 Nc6b4
7.Nf3xe5 Nb4xc2
8.Qa4xc2 Bd7xb5
9.Nb1c3 Qd8e7
10.Nc3xb5 c6
11.Ne5xc6 Qe7d7
12.Nc6xa7 Bf8d6
13.b3 O-O
14.Bc1b2 Bd6b8
15.Bb2xf6 gxf6
16.Qc2d3 Bb8xa7
17.Nb5c3 d4
18.O-O Rf8d8
19.Nc3e4 Qd7f5
20.exd4 Ba7xd4
21.Qd3g3 Kh8
22.Ne4d6 Qf5d7
23.Nd6xf7 Qd7xf7
24.Ra1c1 Bd4e5
25.f4 Be5b2
26.Rc1c2 Ra8xa2
27.Rf1d1 Bb2d4
28.Kh1 Ra2xc2
29.Qg3d3 Qf7c7
30.Rd1e1 Rc2c1
31.Qd3f1 Rc1xe1
32.Qf1xe1 Rd8g8
33.Qe1e4 Qc7c1
34.Qe4e1 Qc1xe1
{ resign }
0-1

[Event "Match"]
[Site "www.echecsemail.com"]
[Date "2015.03.12"]
[Round "1"]
[White "Sorren"]
[Black "Pariolinius"]
[WhiteElo "1840"]
[BlackElo "1880"]
[Result "1-0"]
[Round "1"]
1.e4 e6
2.d4 d5
3.Nb1c3 Bf8b4
4.e5 c5
5.a3 Bb4xc3
6.bxc3 Qd8a5
7.Bc1d2 c4
8.Qd1g4 g6
9.Ng1f3 Nb8c6
10.h4 Bc8d7
11.h5 O-O-O
12.hxg6 fxg6
13.Nf3g5 h5
14.Qg4g3 Rd8f8
15.Bf1e2 Ng8h6
16.Qg3h3 Nh6f5
17.g4 h4
18.gxf5 gxf5
19.Ng5f3 Qa5d8
20.Bd2g5 Qd8e8
21.Nf3xh4 Rh8h7
22.Qh3g3 Rf8g8
23.f4 Nc6e7
24.Kd2 Rh7g7
25.Ra1g1 Ne7g6
26.Nh4xg6 Rg7xg6
27.Be2h5 Rg6xg5
28.fxg5 Qe8f8
29.a4 Bd7xa4
30.Rg1a1 b5
31.g6 Qf8h6
32.Qg3e3 Qh6g7
33.Qe3g5 { resign }
1-0

[Event "Match"]
[Site "www.echecsemail.com"]
[Date "2015.03.12"]
[Round "1"]
[White "Darknight"]
[Black "Harrytheking"]
[WhiteElo "1720"]
[BlackElo "1690"]
[Result "0-1"]
[Round "1"]
1.e4 b6
2.Bf1c4 e6
3.d4 Bc8a6
4.Bc4b3 Ng8e7
5.c4 Ne7g6
6.Ng1f3 c6
7.O-O Bf8e7
8.g3 O-O
9.Rf1e1 h6
10.Bc1e3 Be7b4
11.Re1e2 d5
12.Re2c2 dxe4
13.Nf3d2 e5
14.Nd2xe4 exd4
15.Be3d2 d3
16.Rc2c1 Bb4xd2
17.Nb1xd2 c5
18.Qd1f3 Ng6e5
19.Qf3g2 Nb8d7
20.Rc1c3 b5
21.f4 bxc4
22.Bb3a4 Ne5g4
23.Qg2h3 f5
24.Ne4f2 Ng4xf2
25.Kxf2 Nd7f6
26.b3 Nf6g4
27.Kf1 Ng4e3
28.Kg1 Qd8d4
29.Ra1c1 Ne3c2
30.Kh1 Qd4xc3
31.Nd2b1 Qc3d4
32.Ba4c6 Ra8c8
33.Bc6f3 d2
34.Rc1d1 c3
35.Rd1g1 Rc8d8
36.Qh3h4 Nc2e3
37.h3 d1Q
38.Bf3xd1 Ne3xd1
39.Nb1a3 Qd4e4
40.Kh2 Rd8d2
{ resign }
0-1